| 000 | 00712nam a2200253Ia 4500 | ||
|---|---|---|---|
| 003 | OSt | ||
| 005 | 20220925185859.0 | ||
| 006 | a|||||r|||| 00| 0 | ||
| 007 | ta | ||
| 008 | 220923b |||||||| |||| 00| 0 eng d | ||
| 020 | _a0030184584 | ||
| 037 | _cGeneral Book | ||
| 040 |
_aRTL _cRTL _beng |
||
| 041 |
_2eng _aeng |
||
| 082 | _aX9:(R4), P3 | ||
| 100 |
_aWeiss Joseph W Au. _9236187 |
||
| 245 | 0 |
_aBusiness ethics _b A stakeholder and issues managem |
|
| 250 | _aEd 3rd | ||
| 260 |
_aAustralia _bSouth-Western _c2003 |
||
| 300 |
_axvi,487p. _ccm. |
||
| 650 |
_aIndustrial Eoconmy _9236188 |
||
| 942 |
_hX9:(R4), P3 _cGB _2CC |
||
| 999 |
_c512514 _d512514 |
||